Miasta województwa opolskiego (dawne nazwy) - Statystyki

Ogólne statystyki
  • Ten quiz został rozwiązany 109 razy
  • Średni wynik to 10 z 16
Statystyki odpowiedzi
Niemiecka: Polska: % Poprawnych
Oppeln Opole
100%
Neisse Nysa
92%
Kandrzin-Cosel Kędzierzyn Koźle
86%
Namslau Namysłów
85%
Krappitz Krapkowice
84%
Ottmachau Otmuchów
75%
Groß Strehlitz Strzelce Opolskie
68%
Kreuzburg Kluczbork
67%
Praschkau Praszka
61%
Rosenberg Olesno
56%
Leobschütz Głubczyce
55%
Oberglogau Głogówek
51%
Bad Ziegenhals Głuchołazy
44%
Deschowitz Zdzieszowice
44%
Katscher Kietrz
29%
Pitschen Byczyna
26%
Nie znaleziono quizów pasujących do podanych kryteriów
Rozkład punktacji
Procent ludzi z każdym wynikiem
Percentyl według liczby udzielonych odpowiedzi
Twoja historia wyników
Nie rozwiązałeś tego quizu